OG Ganga - Miky Woodz - Estadísticas

Estadísticas generales
  • Esta prueba ha sido intentada 47 veces
  • La puntuación promedio es 160 de 616
Estadísticas de respuestas
Letra % Correcto
a
100%
90
50%
al
50%
Am
50%
ando
50%
así
50%
Asociación
50%
baby
50%
50%
cabeza
50%
camerino
50%
camino
50%
Can
50%
cheque
50%
con
50%
Con
50%
de
50%
De
50%
dinero
50%
e
50%
El
50%
el
50%
en
50%
En
50%
es
50%
eso
50%
está
50%
esta
50%
ey
50%
Ey
50%
fire
50%
Gang
50%
gang
50%
ganga
50%
got
50%
ha
50%
hacer
50%
hay
50%
he
50%
Javish
50%
Je
50%
Jet
50%
Junior
50%
la
50%
La
50%
Lanalizer
50%
las
50%
Las
50%
lo
50%
los
50%
Me
50%
me
50%
50%
mi
50%
no
50%
No
50%
nombre
50%
o
50%
P
50%
pies
50%
por
50%
Por
50%
Prende
50%
problema
50%
puñeta
50%
que
50%
Que
50%
qué
50%
quieren
50%
quiero
50%
R
50%
sabe
50%
se
50%
Se
50%
seguro
50%
Ski
50%
sobone
50%
son
50%
T
50%
también
50%
te
50%
tengo
50%
Tengo
50%
the
50%
to
50%
To
50%
Un
50%
uno
50%
va
50%
Valentino
50%
vamo
50%
ven
50%
venta
50%
verse
50%
vino
50%
voy
50%
y
50%
Y
50%
Abel
0%
Ah
0%
ah
0%
Ajá
0%
alumbran
0%
amigos
0%
Andamo
0%
andar
0%
ande
0%
año
0%
apodan
0%
aquel
0%
aquí
0%
armero
0%
bajar
0%
bajarle
0%
barriada
0%
bendecí
0%
bicho
0%
bien
0%
Blam
0%
blam
0%
bo
0%
bohío
0%
bori
0%
bote
0%
brothers
0%
cabrón
0%
Cabrone
0%
cacique
0%
cadena
0%
caer
0%
Caín
0%
carro
0%
caserio
0%
casquillar
0%
Cero
0%
chambeo
0%
chiste
0%
Chuck
0%
claro
0%
Claro
0%
combi
0%
comediante
0%
como
0%
congela
0%
conmigo
0%
contigo
0%
correr
0%
corro
0%
cualquier
0%
cuello
0%
dan
0%
dar
0%
decir
0%
declara
0%
Dejando
0%
del
0%
demostramo
0%
derecho
0%
desde
0%
día
0%
dice
0%
dicho
0%
dormimo
0%
duro
0%
eches
0%
eh
0%
enemigo
0%
entre
0%
ere
0%
escante
0%
escucha
0%
estaba
0%
estadio
0%
estrenar
0%
everyday
0%
Everything
0%
Facturando
0%
fallan
0%
familia
0%
farandulero
0%
favorito
0%
feka
0%
firme
0%
flow
0%
foco
0%
fuera
0%
fuerza
0%
gangster
0%
gente
0%
Gold2
0%
grande
0%
gringa
0%
guayar
0%
guerra
0%
guille
0%
hacen
0%
hasta
0%
hecho
0%
HK
0%
hombre
0%
Ice
0%
ice
0%
it
0%
italiano
0%
Jaja
0%
jangueamo
0%
jugamo
0%
juran
0%
Klay
0%
know
0%
lacio
0%
lante
0%
lenta
0%
llama
0%
Llama
0%
llegamo
0%
loca
0%
lucen
0%
maman
0%
Mamón
0%
mano
0%
más
0%
matamo
0%
matarme
0%
mayore
0%
meten
0%
mientras
0%
Miky
0%
mío
0%
mismo
0%
Money
0%
money
0%
Mr
0%
mucho
0%
muere
0%
mueres
0%
muñeca
0%
municipio
0%
muy
0%
nada
0%
ni
0%
Nicky
0%
Norris
0%
nos
0%
nosotro
0%
nuevo
0%
Nunca
0%
nunca
0%
OG
0%
pa
0%
Pa
0%
palabra
0%
pana
0%
para
0%
paran
0%
pasar
0%
patá
0%
pero
0%
piso
0%
poder
0%
Porque
0%
prenda
0%
primero
0%
Progresa
0%
Prr
0%
prr
0%
Puedes
0%
Pues
0%
punchline
0%
quién
0%
quince
0%
real
0%
respeto
0%
rizo
0%
roce
0%
roncan
0%
Roncan
0%
sacarme
0%
saco
0%
Seh
0%
sepa
0%
ser
0%
Shooters
0%
shorty
0%
shows
0%
si
0%
Si
0%
Siempre
0%
sigo
0%
siguen
0%
sin
0%
sitio
0%
soñé
0%
sorry
0%
soy
0%
subestimen
0%
subiendo
0%
superior
0%
Tantas
0%
Thanos
0%
tiempo
0%
tiradore
0%
títere
0%
Toy
0%
trate
0%
Trilis
0%
True
0%
0%
0%
unen
0%
unión
0%
unirme
0%
ustede
0%
Ustedes
0%
vano
0%
vario
0%
vea
0%
vendiendo
0%
verán
0%
verda
0%
verlo
0%
ves
0%
vida
0%
visto
0%
Woodz
0%
Yeah
0%
Yeh
0%
yeh
0%
Yo
0%
yo
0%
You
0%
No se encontraron pruebas coincidentes
Distribución de puntuación
Porcentaje de gente con cada puntuación
Porcentaje por número respondido
Historial de tus puntuaciones
No has intentado esta prueba.